<?xml version="1.0" encoding="UTF-8"?>
<collection xmlns="http://www.loc.gov/MARC21/slim">
 <record>
  <leader>01169cam a2200301  a4500</leader>
  <controlfield tag="001">113925653X</controlfield>
  <controlfield tag="003">DE-627</controlfield>
  <controlfield tag="005">20250220171838.0</controlfield>
  <controlfield tag="007">tu</controlfield>
  <controlfield tag="008">981009n19uuuuuuxx |||||      00| ||fre c</controlfield>
  <datafield tag="035" ind1=" " ind2=" ">
   <subfield code="a">(DE-627)113925653X</subfield>
  </datafield>
  <datafield tag="035" ind1=" " ind2=" ">
   <subfield code="a">(DE-576)069256535</subfield>
  </datafield>
  <datafield tag="035" ind1=" " ind2=" ">
   <subfield code="a">(DE-599)BSZ069256535</subfield>
  </datafield>
  <datafield tag="040" ind1=" " ind2=" ">
   <subfield code="a">DE-627</subfield>
   <subfield code="b">ger</subfield>
   <subfield code="c">DE-627</subfield>
   <subfield code="e">rakwb</subfield>
  </datafield>
  <datafield tag="041" ind1=" " ind2=" ">
   <subfield code="a">fre</subfield>
  </datafield>
  <datafield tag="084" ind1=" " ind2=" ">
   <subfield code="a">9,10</subfield>
   <subfield code="2">ssgn</subfield>
  </datafield>
  <datafield tag="084" ind1=" " ind2=" ">
   <subfield code="a">851</subfield>
   <subfield code="2">bwlb</subfield>
  </datafield>
  <datafield tag="100" ind1="1" ind2=" ">
   <subfield code="a">Morgan, Stuart</subfield>
   <subfield code="4">aut</subfield>
  </datafield>
  <datafield tag="245" ind1="1" ind2="0">
   <subfield code="a">Eglises romanes et châteaux-forts</subfield>
   <subfield code="c">Stuart Morgan</subfield>
  </datafield>
  <datafield tag="264" ind1=" " ind2="1">
   <subfield code="a">Genève</subfield>
   <subfield code="b">Bonvent</subfield>
   <subfield code="c">19XX-</subfield>
  </datafield>
  <datafield tag="336" ind1=" " ind2=" ">
   <subfield code="a">Text</subfield>
   <subfield code="b">txt</subfield>
   <subfield code="2">rdacontent</subfield>
  </datafield>
  <datafield tag="337" ind1=" " ind2=" ">
   <subfield code="a">ohne Hilfsmittel zu benutzen</subfield>
   <subfield code="b">n</subfield>
   <subfield code="2">rdamedia</subfield>
  </datafield>
  <datafield tag="338" ind1=" " ind2=" ">
   <subfield code="a">Band</subfield>
   <subfield code="b">nc</subfield>
   <subfield code="2">rdacarrier</subfield>
  </datafield>
  <datafield tag="776" ind1="0" ind2="8">
   <subfield code="i">Erscheint auch als</subfield>
   <subfield code="n">Online-Ausgabe</subfield>
   <subfield code="a">Fleck, Walther-Gerd, 1926 - 2014</subfield>
   <subfield code="t">Ruine Lauterburg/Aalen</subfield>
   <subfield code="d">Braubach : Deutsche Burgenvereinigung, 1977</subfield>
   <subfield code="w">(DE-627)1567194389</subfield>
   <subfield code="w">(DE-576)497194384</subfield>
  </datafield>
  <datafield tag="787" ind1="0" ind2="8">
   <subfield code="i">Rezension</subfield>
   <subfield code="a">Leistikow, Dankwart, 1926 - 2010</subfield>
   <subfield code="t">[Rezension von: Stuart Morgan, Eglises romanes et Châteaux-forts]</subfield>
   <subfield code="d">Braubach : Deutsche Burgenvereinigung, 1973</subfield>
   <subfield code="w">(DE-627)1567193803</subfield>
   <subfield code="w">(DE-576)497193809</subfield>
  </datafield>
  <datafield tag="951" ind1=" " ind2=" ">
   <subfield code="a">MC</subfield>
  </datafield>
  <datafield tag="991" ind1=" " ind2=" ">
   <subfield code="a">Rezensiertes Werk</subfield>
  </datafield>
  <datafield tag="999" ind1=" " ind2=" ">
   <subfield code="a">KXP-PPN113925653X</subfield>
   <subfield code="e">4019638810</subfield>
  </datafield>
 </record>
</collection>
